Представление документа в формате RUSMARC

ПолеНазваниеЗначение
  Тип записи i
  Библиографический уровень m
001 Контрольный номер RU/IS/BASE/386247822
005 Дата корректировки 20201206204824.5
010 Индекс ISBN __
d Цена 380-95
101 Язык документа 0_
a Язык текста rus
200 Заглавие и сведения об ответственности 1_
a Заглавие Улитка на склоне
e Сведения, относящиеся к заглавию [повесть : аудиокнига]
f Первые сведения об ответственности Аркадий и Борис Стругацкие ; звукорежиссер Дмитрий Урюпин ; читают артисты аудиотеатра Дмитрия Урюпина
b Общее обозначение материала Звукозапись
210 Выходные данные __
a Место издания М.
c Издательство Вокруг света
c Издательство Равновесие
d Дата издания 2011
215 Физическое описание __
a Объем 2 электрон. опт. диска (Audio CD) (4 ч. 49 мин.)
225 Серия __
a Серия Полдень XXI век
225 Серия __
a Серия Аудиокнига
300 Общие примечания __
a Общие примечания CD-плеер с поддержкой MP3 ; Pentium II с Windows 2000/XP/Vista/7 ; звуковая карта
330 Аннотация __
a Аннотация Самое загадочное, самое глубокое, самое многоплановое произведений братьев Стругацких.
333 Примечание о целевом назначении __
a Примечание о целевом назначении 12+. Для детей старше 12 лет
606 Тематические рубрики __
a Основная рубрика Художественная литература
606 Тематические рубрики __
a Основная рубрика Русская литература XX в. (произведения)
610 Ключевые слова __
a Ключевые слова фантастика; фантастическая проза; фантастические повести; фантастические произведения; тема приключений; тема личности; тема человека
686 Индексы других классификаций __
a Классификационный индекс 84(2Рос=Рус)6-445я04
700 Автор _1
a Фамилия Стругацкий
b Имя А. Н.
g Полное личное имя Аркадий Натанович
4 Код отношения 070
701 Альтернативная интеллектуальная ответственность _1
a Фамилия Стругацкий
b Имя Б. Н.
g Полное личное имя Борис Натанович
4 Код отношения 070
702 Вторичная интеллектуальная ответственность _1
a Фамилия Урюпин
b Имя Д.
4 Код отношения Звукорежиссер
4 Код отношения 570
801 Источник записи _0
a Страна RU
b Организация Муниципальное бюджетное учреждение культуры "Централизованная библиотечная система" г. Сургут (Центральная городская библиотека им. А. С. Пушкина)
g Правила каталогизации КиК/Котельникова
801 Источник записи _1
a Страна RU
b Организация Муниципальное бюджетное учреждение культуры "Централизованная библиотечная система" г. Сургут (Центральная городская библиотека им. А. С. Пушкина)
g Правила каталогизации КиК/Котельникова
852 Данные о местонахождении __
j Шифр хранения 84(2Рос=Рус)6-445я04
i Авторский знак С 87
901 Тип документа __
t Тип документа 0
903 Характеристики (МАРС) __
a Дата передачи 20120328
969 Тип издания __
a Тип издания аудиокнига
990 Данные о заказе (DOS) __
j Количество экземпляров (DOS) 5
h N записи в КСУ для Б/У (DOS) 201204